| 000 | 00881nas a2200289 4500 | ||
|---|---|---|---|
| 001 | BR2011003364 | ||
| 003 | BR-BrBNA | ||
| 005 | 20231205115407.0 | ||
| 007 | ta | ||
| 008 | 230509b bl.|||p| |||| 00| 00por d | ||
| 040 |
_aBR-BrBNA _bpor _cBiblioteca Nacional de Agricultura |
||
| 041 | _a(Pt) | ||
| 072 | _aH60 | ||
| 100 | 1 | _aFleck, N.G. | |
| 100 | 1 | _aLazaroto, C.A. | |
| 100 | 1 | _aSchaedler, C.E. | |
| 100 | 1 | _aFerreira, F.B. | |
| 245 | 1 | _aControle de papuã ( Brachiaria plantaginea)em soja em função da dose e da época de aplicação do herbicida clethodim | |
| 650 | _aSOJA | ||
| 650 | _aHERBICIDA | ||
| 650 | _aERVA DANINHA | ||
| 650 | _aCONTROLE QUÍMICO | ||
| 650 | _aPAPUÃ | ||
| 773 | 0 |
_tPlanta Daninha (Brazil) _xISSN 0100-8358 _g(Apr-Jun 2008), v. 26(2) p. 375-383 _wBR2011003364 |
|
| 909 |
_a202311 _bLúcia _c55 _dLúcia Elande |
||
| 942 |
_2AGRIS _n0 _cANA |
||
| 999 |
_c213573 _d213573 |
||